| 000 | 00333nam a22001217a 4500 | ||
|---|---|---|---|
| 008 | 180605b xxu||||| |||| 00| 0 eng d | ||
| 041 | _aeng | ||
| 080 | _a043.3 | ||
| 100 | _a0 | ||
| 101 | _aMBE | ||
| 245 |
_aKriteret Ekonomike per zbatimin e Planit te Veprimit te Partneritetit Evropian per Kosoven _cKasapolli, G |
||
| 942 |
_2udc _cBK |
||
| 999 |
_c46330 _d46330 |
||